[Event "IRI-ch U16"]
[Site "Chess.com INT"]
[Date "2021.01.16"]
[Round "1"]
[White "Abdollahi, Eliya"]
[Black "Hosseini, Morteza"]
[Result "0-1"]
[WhiteElo "1296"]
[BlackElo "1862"]
[PlyCount "64"]
[EventDate "2021.01.16"]
[EventType "swiss"]
[EventRounds "11"]
[EventCountry "IRI"]
[SourceTitle "EXT 2022"]
[Source "ChessBase"]
[SourceDate "2021.10.06"]
[SourceVersion "1"]
[SourceVersionDate "2021.10.06"]
[SourceQuality "1"]

1. d4 Nf6 2. Bf4 g6 3. Nf3 d5 4. Nbd2 Bg7 5. e3 0-0 6. Bd3 c5 7. c3 Nc6 8. 0-0 Qb6 9. b3 Nh5 10. Bg3 Nxg3 11. hxg3 e5 12. dxe5 Nxe5 13. Nxe5 Bxe5 14. Rc1 Be6 15. f4 Bg7 16. f5 Bd7 17. g4 c4 18. Bxc4 Qxe3+ 19. Kh1 dxc4 20. Nxc4 Qh6+ 21. Kg1 Bb5 22. Qd5 Bxc4 23. Qxc4 Rac8 24. Qe4 Rxc3 25. Rce1 Qh4 26. Rf3 Rxf3 27. gxf3 Bd4+ 28. Qxd4 Qxe1+ 29. Kg2 Re8 30. fxg6 Re2+ 31. Kh3 Qh1+ 32. Kg3 Qh2# 0-1